[Event "NAYCC U10"]
[Site "Windsor CAN"]
[Date "2016.08.10"]
[Round "7.133"]
[White "Kang, Dorian"]
[Black "Rusonik, Max"]
[Result "1/2-1/2"]
[WhiteElo "1528"]
[BlackElo "1804"]
[PlyCount "124"]
[EventDate "2016.08.07"]
[EventType "swiss"]
[EventRounds "9"]
[EventCountry "CAN"]

1. c4 f5 2. Nc3 Nf6 3. g3 g6 4. Bg2 Bg7 5. d3 O-O 6. Nf3 d6 7. O-O e5 8. Rb1 c6
9. Bg5 h6 10. Bxf6 Qxf6 11. Nd2 Na6 12. a3 Bd7 13. Qb3 Nc5 14. Qa2 a5 15. Nb3
Ne6 16. Na4 Ra6 17. e3 g5 18. Nd2 h5 19. Qb3 b5 20. cxb5 cxb5 21. Nc3 a4 22.
Qd1 Qh6 23. Nd5 Kh7 24. Qe2 Rc6 25. Rbc1 Rxc1 26. Rxc1 Nc5 27. Nc3 h4 28. e4 f4
29. g4 Ne6 30. Nf3 Rc8 31. Rd1 Nc5 32. h3 Qf6 33. Nd5 Qd8 34. Rc1 Kh6 35. Rc3
Be6 36. Qc2 Qa5 37. Ne7 Rc7 38. Nf5+ Bxf5 39. exf5 Bf6 40. Nd2 Bd8 41. Bd5 Be7
42. Nf3 Bf6 43. Kh2 Kg7 44. Qd2 Kf8 45. Rc2 Qxd2 46. Nxd2 Ke7 47. Ne4 Rc8 48.
Nxc5 Rxc5 49. Rxc5 dxc5 50. Bc6 e4 51. dxe4 b4 52. axb4 cxb4 53. Bxa4 Bxb2 54.
Kg2 Kd6 55. Kf3 Kc5 56. Bb3 Be5 57. Ke2 Kd4 58. Bc2 Kc3 59. Kd1 f3 60. Kc1 Bf4+
61. Kb1 Kd2 62. f6 Bd6 1/2-1/2

[Event "NAYCC U10"]
[Site "Windsor CAN"]
[Date "2016.08.10"]
[Round "7.135"]
[White "Oberoi, Shelev"]
[Black "Bui, Alan"]
[Result "1-0"]
[WhiteElo "1618"]
[BlackElo "1404"]
[PlyCount "61"]
[EventDate "2016.08.07"]
[EventType "swiss"]
[EventRounds "9"]
[EventCountry "CAN"]

1. e4 e5 2. Nf3 Nc6 3. Bc4 Bc5 4. c3 Nf6 5. d4 exd4 6. cxd4 Bb4+ 7. Bd2 Bxd2+
8. Nbxd2 d5 9. exd5 Nxd5 10. O-O O-O 11. Ne5 Nxe5 12. dxe5 Be6 13. Qb3 Nf4 14.
Rfd1 Qg5 15. Qg3 Qxe5 16. Kh1 Ng6 17. Qxe5 Nxe5 18. Bxe6 fxe6 19. Ne4 Rad8 20.
f3 Nd3 21. b3 Rf4 22. Rd2 Rff8 23. Rad1 Nf2+ 24. Nxf2 Rde8 25. Rd7 e5 26. Rxc7
Rd8 27. Rxd8 Rxd8 28. g3 Rd2 29. Kg2 Rxa2 30. Rxb7 Ra6 31. Nd3 1-0

[Event "NAYCC U10"]
[Site "Windsor CAN"]
[Date "2016.08.10"]
[Round "7.136"]
[White "Xie, Austin"]
[Black "Guipi Bopala, Prince Eric jr"]
[Result "0-1"]
[WhiteElo "1232"]
[BlackElo "1572"]
[PlyCount "54"]
[EventDate "2016.08.07"]
[EventType "swiss"]
[EventRounds "9"]
[EventCountry "CAN"]

1. e4 e5 2. Nf3 Nc6 3. Bb5 a6 4. Bxc6 dxc6 5. O-O Bd6 6. d4 Bg4 7. dxe5 Bxf3 8.
Qxf3 Bxe5 9. Qb3 b5 10. Be3 Nf6 11. Nd2 Ng4 12. Nf3 O-O 13. Rad1 Qe7 14. Nxe5
Qxe5 15. g3 Nxe3 16. Qxe3 Qxb2 17. Ra1 Rfe8 18. Qc5 Qf6 19. Qe3 Qe6 20. f3 Qc4
21. Rfd1 Qxc2 22. Rdc1 Qb2 23. Qf4 Re7 24. Qe3 Rd7 25. Rd1 Rad8 26. Qe1 Rd2 27.
Qf1 Qd4+ 0-1

[Event "NAYCC U10"]
[Site "Windsor CAN"]
[Date "2016.08.10"]
[Round "7.137"]
[White "Prestia, Paris"]
[Black "Pan, Kevin"]
[Result "0-1"]
[WhiteElo "1591"]
[BlackElo "1936"]
[PlyCount "84"]
[EventDate "2016.08.07"]
[EventType "swiss"]
[EventRounds "9"]
[EventCountry "CAN"]

1. d4 Nf6 2. c4 g6 3. Nc3 d5 4. cxd5 Nxd5 5. e4 Nxc3 6. bxc3 Bg7 7. Bc4 c5 8.
Ne2 O-O 9. O-O Nc6 10. Be3 Qc7 11. Bb3 Rd8 12. Qd2 Na5 13. Rab1 Nxb3 14. Rxb3
b6 15. d5 Ba6 16. Rc1 Bc4 17. Rbb1 e6 18. Nf4 Rd7 19. Rd1 Rad8 20. a3 Qe5 21.
f3 exd5 22. exd5 Bxd5 23. Qf2 Qxc3 24. Rd3 Qe5 25. Re1 Qc7 26. Red1 Bc6 27.
Rxd7 Rxd7 28. Rxd7 Qxd7 29. Qh4 Bd4 30. Qf2 Bf6 31. Qg3 Qd1+ 32. Kf2 Bb5 33.
Qg4 Bd7 34. Qg3 Bc3 35. Nd3 Qxd3 36. Qb8+ Kg7 37. Qxa7 Qd1 38. Kg3 Be1+ 39. Bf2
Qd6+ 40. f4 Qd3+ 41. Kh4 Bxf2+ 42. Kg5 f6# 0-1

[Event "NAYCC U10"]
[Site "Windsor CAN"]
[Date "2016.08.10"]
[Round "7.138"]
[White "Zong, Davis"]
[Black "Vijayakumar, Advaith"]
[Result "1/2-1/2"]
[WhiteElo "1675"]
[BlackElo "1402"]
[PlyCount "124"]
[EventDate "2016.08.07"]
[EventType "swiss"]
[EventRounds "9"]
[EventCountry "CAN"]

1. e4 e6 2. d4 d5 3. Nc3 Nf6 4. e5 Nfd7 5. f4 c5 6. Nf3 Nc6 7. Be3 a6 8. Be2 b5
9. a3 Bb7 10. O-O Be7 11. Qe1 Qc7 12. Qf2 c4 13. Qg3 g6 14. Rfc1 Nb6 15. b3 Na5
16. b4 Nc6 17. Qf2 O-O-O 18. Nd1 Na4 19. c3 Nb8 20. Ra2 Nd7 21. Nb2 Ndb6 22.
Nxa4 Nxa4 23. Bd1 Bc6 24. Bd2 Nb6 25. Bc2 h5 26. Ng5 Bxg5 27. fxg5 h4 28. Rf1
Rh7 29. h3 Rdh8 30. Raa1 Rg7 31. Rae1 Qe7 32. Qf6 Qxf6 33. Rxf6 Nd7 34. Rf4 Nf8
35. Ref1 Be8 36. Be1 Rgh7 37. Rg4 Rh5 38. Rff4 Nh7 39. Bxh4 Nf8 40. Be1 Nh7 41.
h4 Nf8 42. Rf1 Nd7 43. Rgf4 R5h7 44. g3 Nb6 45. Kg2 Na4 46. Rh1 Nb6 47. Rf3 Na4
48. g4 Nb6 49. Rfh3 Nd7 50. h5 Nf8 51. hxg6 Rxh3 52. gxf7 Bxf7 53. Rxh3 Rxh3
54. Kxh3 Ng6 55. Kg3 Kc7 56. Kf3 Kb6 57. Bf5 Kc6 58. Bc2 Kb6 59. a4 Kc6 60. Kg3
Kb6 61. axb5 axb5 62. Bd1 Kc6 1/2-1/2

[Event "NAYCC U10"]
[Site "Windsor CAN"]
[Date "2016.08.10"]
[Round "7.139"]
[White "Chen, Max"]
[Black "Prestia, Frank"]
[Result "1-0"]
[WhiteElo "1536"]
[BlackElo "1640"]
[PlyCount "57"]
[EventDate "2016.08.07"]
[EventType "swiss"]
[EventRounds "9"]
[EventCountry "CAN"]

1. e4 e6 2. d4 b6 3. Nf3 Bb7 4. Nc3 Bb4 5. Bd3 Nf6 6. Qe2 O-O 7. Bg5 h6 8. Bh4
Be7 9. Bg3 a6 10. O-O Nc6 11. a3 Nh5 12. Rae1 Nxg3 13. fxg3 Nxd4 14. Nxd4 Bc5
15. Qf2 e5 16. Nce2 exd4 17. b4 Be7 18. Nxd4 c5 19. Nf5 Bc6 20. c3 a5 21. b5
Bb7 22. a4 d6 23. Bc4 Qe8 24. Qf4 Rd8 25. Qg4 g5 26. Qh5 Bf6 27. Qg6+ Kh8 28.
Qxf6+ Kh7 29. Qg7# 1-0

[Event "NAYCC U10"]
[Site "Windsor CAN"]
[Date "2016.08.10"]
[Round "7.140"]
[White "Mundayat, Abinav"]
[Black "Zheng, Michael"]
[Result "1-0"]
[WhiteElo "1577"]
[BlackElo "1811"]
[PlyCount "53"]
[EventDate "2016.08.07"]
[EventType "swiss"]
[EventRounds "9"]
[EventCountry "CAN"]

1. e4 c5 2. Nf3 a6 3. d4 cxd4 4. Nxd4 Nf6 5. Nc3 e5 6. Nb3 Bb4 7. Bd2 O-O 8.
Bd3 d6 9. Qe2 b5 10. O-O-O Bb7 11. f3 Bxc3 12. Bxc3 Nc6 13. a3 Qb6 14. Bd2 Rfc8
15. Be3 Qc7 16. Qf2 b4 17. a4 d5 18. exd5 Nxd5 19. Bxh7+ Kxh7 20. Rxd5 Nd4 21.
Rc5 Nxb3+ 22. cxb3 Qe7 23. Kb1 Qe6 24. Qh4+ Kg8 25. Qxb4 Rab8 26. Rxc8+ Bxc8
27. Qxb8 1-0

[Event "NAYCC U10"]
[Site "Windsor CAN"]
[Date "2016.08.10"]
[Round "7.141"]
[White "Zhang, Henry Z"]
[Black "Kondakov, Adrian"]
[Result "1-0"]
[WhiteElo "1315"]
[BlackElo "1675"]
[PlyCount "93"]
[EventDate "2016.08.07"]
[EventType "swiss"]
[EventRounds "9"]
[EventCountry "CAN"]

1. e4 e6 2. Nf3 d5 3. Nc3 c5 4. exd5 exd5 5. d4 c4 6. Bf4 Nc6 7. Be2 Nf6 8. O-O
a6 9. a4 Be7 10. Re1 O-O 11. Ne5 Qb6 12. Rb1 Nxd4 13. Be3 Nxe2+ 14. Rxe2 Qa5
15. Bd4 Be6 16. Qd2 Qc7 17. Rbe1 Bc5 18. Qe3 Bxd4 19. Qxd4 Rfb8 20. Re3 b5 21.
axb5 axb5 22. Rg3 Kf8 23. Ne2 Qb6 24. Qh4 h6 25. Nf4 Bf5 26. Nh5 Nxh5 27. Qxh5
Qe6 28. Qf3 Be4 29. Qc3 f6 30. Ng6+ Kf7 31. h3 b4 32. Qe3 Qd7 33. Nf4 b3 34. c3
Ra2 35. Qd2 Rba8 36. Rxe4 Ra1+ 37. Kh2 Rd8 38. Rd4 Qf5 39. Qe2 Re8 40. Rxg7+
Kxg7 41. Qxe8 Qe5 42. Qg6+ Kf8 43. Qxh6+ Kf7 44. Rxd5 Qe1 45. Qh7+ Ke8 46. Qg8+
Ke7 47. Ng6# 1-0

[Event "NAYCC U10"]
[Site "Windsor CAN"]
[Date "2016.08.10"]
[Round "7.142"]
[White "Balachandran, Kousihan"]
[Black "Yuan, Edison"]
[Result "1-0"]
[WhiteElo "1400"]
[BlackElo "1666"]
[PlyCount "113"]
[EventDate "2016.08.07"]
[EventType "swiss"]
[EventRounds "9"]
[EventCountry "CAN"]

1. e4 c5 2. Nf3 e6 3. d4 cxd4 4. Nxd4 Nc6 5. Nc3 Qc7 6. Be3 a6 7. Be2 Nf6 8. h3
Bb4 9. O-O Bxc3 10. bxc3 Nxe4 11. Nxc6 dxc6 12. Qd4 Nf6 13. Rad1 O-O 14. Bg5
Nd5 15. c4 Ne7 16. Bf4 Qa5 17. Bd3 Ng6 18. Bxg6 hxg6 19. a3 Qf5 20. c3 g5 21.
Bg3 f6 22. Bd6 e5 23. Qc5 Re8 24. Rfe1 Qg6 25. Re3 Qf7 26. Qb4 Be6 27. c5 Rad8
28. Rb1 Bc8 29. Qb6 Rd7 30. Ree1 Red8 31. Re3 Re8 32. Qb2 Red8 33. Qe2 Qg6 34.
Rd1 Qf7 35. Re4 g6 36. h4 gxh4 37. Rxh4 Kg7 38. Rd3 Rh8 39. Rxh8 Kxh8 40. Re3
Kg7 41. f4 exf4 42. Re8 Rxd6 43. cxd6 Kh6 44. Rxc8 Qd7 45. Rh8+ Kg5 46. Qe7 Qg4
47. Rf8 Kh5 48. Qh7+ Kg5 49. d7 f3 50. Qh3 f2+ 51. Kxf2 Qf4+ 52. Kg1 Qc1+ 53.
Kh2 Qf4+ 54. Qg3+ Qxg3+ 55. Kxg3 f5 56. d8=Q+ Kh5 57. Rh8# 1-0

[Event "NAYCC U10"]
[Site "Windsor CAN"]
[Date "2016.08.10"]
[Round "7.143"]
[White "Srinivas, Atharva"]
[Black "Zhao, Jeffrey R"]
[Result "0-1"]
[WhiteElo "1388"]
[BlackElo "1496"]
[PlyCount "86"]
[EventDate "2016.08.07"]
[EventType "swiss"]
[EventRounds "9"]
[EventCountry "CAN"]

1. e4 c5 2. Nc3 e6 3. f4 d5 4. d3 a6 5. Nf3 b5 6. g3 Bb7 7. e5 Ne7 8. Bg2 Nd7
9. Bd2 Nc6 10. a3 Be7 11. O-O Qb6 12. Kh1 a5 13. Ne2 Ba6 14. Be3 Qc7 15. c3 Nb6
16. b3 c4 17. b4 Na4 18. d4 Bd8 19. Qc2 Ne7 20. Bh3 g6 21. Rg1 Bc8 22. g4 Bd7
23. Ng3 Qc8 24. Bd2 Bb6 25. Be3 Qc7 26. Bf2 O-O-O 27. Be3 Kb8 28. Bd2 h6 29.
Bg2 Rdg8 30. h4 Qa7 31. Be3 Nc6 32. Bf2 Bd8 33. g5 hxg5 34. fxg5 Rh7 35. Ne2
Rhh8 36. Qd2 Rh5 37. Ra2 Ne7 38. Bh3 Nc6 39. Raa1 Bc7 40. Ra2 Nxe5 41. Nxe5
Bxe5 42. bxa5 Bd6 43. Nf4 Rh7 {time} 0-1

[Event "NAYCC U10"]
[Site "Windsor CAN"]
[Date "2016.08.10"]
[Round "7.144"]
[White "Zhu, Max"]
[Black "Guo, Roger"]
[Result "1-0"]
[WhiteElo "1436"]
[BlackElo "1183"]
[PlyCount "85"]
[EventDate "2016.08.07"]
[EventType "swiss"]
[EventRounds "9"]
[EventCountry "CAN"]

1. e4 e5 2. Nc3 Nc6 3. Nf3 g6 4. Bc4 Bg7 5. d3 h6 6. Be3 Nge7 7. Qd2 d6 8. a3
Bg4 9. h3 Be6 10. Bxe6 fxe6 11. Ne2 Qd7 12. d4 exd4 13. Nexd4 Nxd4 14. Nxd4
Bxd4 15. Bxd4 Rg8 16. Qxh6 Nc6 17. O-O-O O-O-O 18. Qe3 Kb8 19. e5 d5 20. c4 Ka8
21. cxd5 exd5 22. e6 Qe7 23. Rhe1 Rge8 24. Bc5 Qf6 25. g4 g5 26. h4 gxh4 27. f4
d4 28. g5 Qg7 29. Qh3 Qh7 30. f5 Qh5 31. Re4 Qxg5+ 32. Kb1 d3 33. Qxh4 Qxf5 34.
e7 Rd7 35. b4 Qd5 36. Kb2 Qf7 37. Qg4 Qf2+ 38. Bxf2 Rdxe7 39. Rxe7 Rxe7 40.
Qc8+ Nb8 41. Rxd3 Re2+ 42. Kc3 Rxf2 43. Qxb8+ 1-0

[Event "NAYCC U10"]
[Site "Windsor CAN"]
[Date "2016.08.10"]
[Round "7.145"]
[White "Liu, Kevin"]
[Black "Rama, Tejas"]
[Result "1/2-1/2"]
[WhiteElo "914"]
[BlackElo "1712"]
[PlyCount "151"]
[EventDate "2016.08.07"]
[EventType "swiss"]
[EventRounds "9"]
[EventCountry "CAN"]

1. e4 c5 2. c3 d5 3. exd5 Qxd5 4. d4 cxd4 5. cxd4 Nc6 6. Nf3 Bg4 7. Be3 e6 8.
Nc3 Qd8 9. Be2 Bb4 10. O-O Nf6 11. Qb3 Qe7 12. a3 Bd6 13. Rfd1 O-O 14. Rd2 Rfd8
15. Rad1 Nd5 16. Nxd5 exd5 17. h3 Bf5 18. Kf1 Bg6 19. Qxd5 Bb4 20. Qb3 Bxd2 21.
Rxd2 h6 22. d5 Ne5 23. Nxe5 Qxe5 24. Bf3 Qc7 25. Rd1 Bc2 26. Rc1 Bxb3 27. Rxc7
Bxd5 28. Bxd5 Rxd5 29. Rxb7 a6 30. Ke2 Rb5 31. Rxb5 axb5 32. Bd4 f6 33. Bc3 Kf7
34. Kd3 Ke6 35. Ke4 f5+ 36. Ke3 g6 37. f3 Rd8 38. g4 Rd1 39. Kf4 g5+ 40. Kg3
f4+ 41. Kg2 Kf7 42. Kf2 Kg6 43. Kg2 Rc1 44. Bd4 Rc2+ 45. Kg1 Rd2 46. Bc3 Rd3
47. Kf2 Kf7 48. Kg2 Re3 49. Kf2 Re6 50. Bb4 Ke8 51. Bc3 Kd7 52. Bg7 Kc6 53. Bc3
Kc5 54. Bg7 Kc4 55. Bc3 Re3 56. Bg7 Re6 57. Bc3 Kb3 58. Bg7 Rc6 59. Kf1 Rc7 60.
Bxh6 Rc5 61. Bg7 Kc2 62. Ke2 Rc6 63. Bc3 Re6+ 64. Kf2 Kd3 65. Kf1 Re3 66. Bf6
Rxf3+ 67. Kg2 Re3 68. Bxg5 Ke4 69. Bf6 Rd3 70. Bc3 f3+ 71. Kf2 Kf4 72. Bb4 Rd8
73. g5 Rc8 74. Bc3 Re8 75. g6 Re2+ 76. Kf1 1/2-1/2

[Event "NAYCC U10"]
[Site "Windsor CAN"]
[Date "2016.08.10"]
[Round "7.146"]
[White "Eirew, David"]
[Black "Tsay, William"]
[Result "0-1"]
[WhiteElo "657"]
[BlackElo "1399"]
[PlyCount "70"]
[EventDate "2016.08.07"]
[EventType "swiss"]
[EventRounds "9"]
[EventCountry "CAN"]

1. e4 d5 2. Nc3 d4 3. Nd5 c6 4. Nf4 e5 5. Nd3 Nf6 6. Nxe5 Bd6 7. Nc4 Bc7 8. e5
Nfd7 9. Nf3 O-O 10. d3 b5 11. Nd6 Nxe5 12. Nxe5 Qxd6 13. Nf3 Re8+ 14. Be2 Bg4
15. Bd2 Nd7 16. h3 Bh5 17. g4 Bg6 18. a3 Qd5 19. Kf1 Re7 20. c4 dxc3 21. Bxc3
Rae8 22. d4 Rxe2 23. Qxe2 Rxe2 24. Kxe2 Be4 25. Ne5 Bxh1 26. Nxd7 Qxd7 27. Rxh1
h6 28. Kd1 Bb6 29. Kc1 Qd6 30. Rd1 Qf4+ 31. Rd2 Bc7 32. Kb1 Qf3 33. Rd1 Qxd1+
34. Ka2 a5 35. f3 b4 0-1

[Event "NAYCC U10"]
[Site "Windsor CAN"]
[Date "2016.08.10"]
[Round "7.147"]
[White "Morris-Suzuki, Alan"]
[Black "Shlionsky, Aryah"]
[Result "0-1"]
[WhiteElo "1025"]
[BlackElo "1893"]
[PlyCount "102"]
[EventDate "2016.08.07"]
[EventType "swiss"]
[EventRounds "9"]
[EventCountry "CAN"]

1. d4 Nf6 2. c4 c5 3. d5 b5 4. cxb5 a6 5. Nc3 axb5 6. Nxb5 d6 7. Nf3 Bb7 8. Nc3
g6 9. Bf4 Ba6 10. e4 Bxf1 11. Kxf1 Bg7 12. g3 O-O 13. Qc2 Nbd7 14. e5 dxe5 15.
Nxe5 Nxe5 16. Bxe5 Nxd5 17. Bxg7 Kxg7 18. Rd1 Nb4 19. Rxd8 Nxc2 20. Rxa8 Rxa8
21. Kg2 Nb4 22. a3 Nd3 23. Rb1 f5 24. Nd5 Kf7 25. h3 Rb8 26. b4 cxb4 27. axb4
Rb5 28. Nf4 Rxb4 29. Rxb4 Nxb4 30. g4 e5 31. Ne2 f4 32. Kf3 Ke6 33. Nc3 Nd5 34.
Ne4 Nf6 35. Nd2 Kd5 36. h4 Kd4 37. g5 Nd5 38. Ne4 Ne7 39. Nf6 Nf5 40. h5 gxh5
41. Nxh5 Nh4+ 42. Kg4 Ng6 43. f3 e4 44. Nxf4 Nxf4 45. Kxf4 exf3 46. Kxf3 Ke5
47. Kg4 Ke4 48. Kh4 Kf5 49. g6 hxg6 50. Kg3 g5 51. Kf3 g4+ 0-1

[Event "NAYCC U10"]
[Site "Windsor CAN"]
[Date "2016.08.10"]
[Round "7.148"]
[White "Chen, Bryan"]
[Black "Singireddy, Ruthvik"]
[Result "0-1"]
[WhiteElo "918"]
[BlackElo "1398"]
[PlyCount "76"]
[EventDate "2016.08.07"]
[EventType "swiss"]
[EventRounds "9"]
[EventCountry "CAN"]

1. e4 e5 2. Nf3 Nc6 3. Bc4 Bc5 4. Nc3 Nf6 5. O-O O-O 6. d3 h6 7. a3 d6 8. h3
Be6 9. Nd5 Bxd5 10. exd5 Ne7 11. d4 exd4 12. Nxd4 Nexd5 13. Nf3 Ne7 14. b4 Bb6
15. a4 c6 16. a5 Bc7 17. Re1 d5 18. Bd3 Qd7 19. Qe2 Rfe8 20. Qd1 Nf5 21. Bd2
Rxe1+ 22. Qxe1 Re8 23. Qd1 Nd6 24. c3 Nde4 25. Bxe4 Nxe4 26. Nd4 Be5 27. Be3
Nxc3 28. Qg4 Qxg4 29. hxg4 Bxd4 30. Bxd4 Ne2+ 31. Kf1 Nxd4 32. a6 b6 33. Rb1
Nc2 34. Rc1 Nxb4 35. g3 c5 36. Rd1 d4 37. Ra1 d3 38. Rd1 c4 0-1

[Event "NAYCC U10"]
[Site "Windsor CAN"]
[Date "2016.08.10"]
[Round "7.149"]
[White "Xing, Blair"]
[Black "Dinatolo, Zack"]
[Result "0-1"]
[WhiteElo "920"]
[BlackElo "1365"]
[PlyCount "142"]
[EventDate "2016.08.07"]
[EventType "swiss"]
[EventRounds "9"]
[EventCountry "CAN"]

1. e4 e6 2. Nc3 d5 3. exd5 exd5 4. d4 Nf6 5. Nf3 Bd6 6. Bd3 Bg4 7. h3 Bh5 8.
Be3 Nbd7 9. Qd2 Qe7 10. O-O-O O-O-O 11. Bg5 c6 12. Rde1 Qf8 13. Re2 Re8 14.
Rxe8+ Qxe8 15. Re1 Qd8 16. Re2 h6 17. Bf4 Bxf4 18. Qxf4 Re8 19. Qd2 Re7 20. Qe1
Rxe2 21. Qxe2 Qc7 22. Qe3 Bxf3 23. Qxf3 Qh2 24. b3 Qg1+ 25. Kb2 Qe1 26. Qg3 g6
27. Qf4 h5 28. Qe3 Qxe3 29. fxe3 Kc7 30. e4 dxe4 31. Nxe4 Nxe4 32. Bxe4 Nf6 33.
Bd3 Nd5 34. Bc4 Kd6 35. Bd3 h4 36. Kc1 Ne3 37. Be4 f5 38. Bf3 g5 39. Kd2 Nf1+
40. Ke2 Nh2 41. Kf2 Nxf3 42. Kxf3 Kd5 43. c3 a6 44. Ke3 b5 45. Kd3 c5 46. c4+
bxc4+ 47. bxc4+ Kd6 48. dxc5+ Kxc5 49. Kc3 a5 50. a4 g4 51. Kd3 gxh3 52. gxh3
f4 53. Ke4 Kxc4 54. Kxf4 Kb4 55. Kg4 Kxa4 56. Kxh4 Kb3 57. Kg4 a4 58. h4 a3 59.
h5 a2 60. h6 a1=Q 61. Kg5 Qb1 62. Kh5 Qh7 63. Kg5 Kc4 64. Kf6 Qxh6+ 65. Kf5 Kd5
66. Kg4 Ke5 67. Kf3 Qf4+ 68. Kg2 Ke4 69. Kh3 Qg5 70. Kh2 Kf3 71. Kh3 Qh5# 0-1

[Event "NAYCC U10"]
[Site "Windsor CAN"]
[Date "2016.08.10"]
[Round "7.150"]
[White "Gaisinsky, Jacob"]
[Black "Fu, Steven"]
[Result "0-1"]
[WhiteElo "1167"]
[BlackElo "826"]
[PlyCount "82"]
[EventDate "2016.08.07"]
[EventType "swiss"]
[EventRounds "9"]
[EventCountry "CAN"]

1. e4 e5 2. Nf3 Nc6 3. Bc4 Be7 4. c3 Nf6 5. d4 exd4 6. cxd4 d5 7. exd5 Nxd5 8.
Bxd5 Qxd5 9. Nc3 Qd8 10. d5 Nb8 11. O-O O-O 12. Nd4 c6 13. dxc6 Nxc6 14. Nxc6
bxc6 15. Qf3 Bb7 16. Rd1 Qc7 17. Qg4 Bc8 18. Qc4 Be6 19. Qd4 Rfd8 20. Qa4 Rxd1+
21. Nxd1 Rd8 22. Be3 c5 23. Rc1 Bd6 24. b4 Bxh2+ 25. Kh1 Bd6 26. bxc5 Be7 27.
c6 Bd5 28. Qxa7 Qxa7 29. Bxa7 Bxc6 30. Ne3 Rc8 31. Nd5 Bf8 32. Nb6 Bxg2+ 33.
Kxg2 Rxc1 34. Nd7 Ba3 35. Bb6 h6 36. f4 Rc2+ 37. Kg3 Rxa2 38. f5 Bd6+ 39. Kg4
Ra4+ 40. Kh5 Kh7 41. Be3 g6+ 0-1

[Event "NAYCC U10"]
[Site "Windsor CAN"]
[Date "2016.08.10"]
[Round "7.151"]
[White "Jasniewicz, Karol"]
[Black "Yuan, Kevin"]
[Result "1/2-1/2"]
[WhiteElo "971"]
[BlackElo "975"]
[PlyCount "47"]
[EventDate "2016.08.07"]
[EventType "swiss"]
[EventRounds "9"]
[EventCountry "CAN"]

1. e4 e5 2. Nf3 Nc6 3. Bc4 Bc5 4. O-O Nf6 5. Nc3 O-O 6. d3 h6 7. Re1 d6 8. h3
Be6 9. Bxe6 fxe6 10. Qe2 Qe7 11. a3 Rae8 12. Be3 Bb6 13. Bxb6 axb6 14. Nb5 d5
15. d4 dxe4 16. Nxe5 Qd8 17. Rad1 Qc8 18. Qc4 Nxe5 19. dxe5 Nd5 20. Rxe4 Rf5
21. Rde1 Ref8 22. Rf1 Qd7 23. a4 Qf7 24. f3 1/2-1/2

[Event "NAYCC U10"]
[Site "Windsor CAN"]
[Date "2016.08.11"]
[Round "8.131"]
[White "Trakru, Rohun"]
[Black "Oberoi, Shelev"]
[Result "1-0"]
[WhiteElo "1724"]
[BlackElo "1618"]
[PlyCount "159"]
[EventDate "2016.08.07"]
[EventType "swiss"]
[EventRounds "9"]
[EventCountry "CAN"]

1. e4 e5 2. Nf3 Nc6 3. Bb5 a6 4. Ba4 b5 5. Bb3 Na5 6. O-O Nxb3 7. axb3 d6 8. d3
Bg4 9. h3 Bxf3 10. Qxf3 Qf6 11. Qxf6 Nxf6 12. Nc3 Be7 13. Nxb5 Kd7 14. Nc3 Rhb8
15. Bg5 c6 16. Ra2 Kc7 17. f4 exf4 18. Bxf4 Nd7 19. Ne2 Bf6 20. Bd2 Re8 21. Bc3
Bxc3 22. bxc3 f6 23. Ng3 g6 24. Raa1 h5 25. Rae1 Re7 26. Ne2 Rae8 27. Nf4 Nf8
28. Ra1 Kb7 29. Ra5 Kb6 30. Rfa1 Ra8 31. b4 Rg7 32. c4 Rga7 33. h4 Rh7 34. c5+
dxc5 35. bxc5+ Kb7 36. Rb1+ Kc7 37. Rb6 g5 38. hxg5 fxg5 39. Ne2 Nd7 40. Rbxa6
Rxa6 41. Rxa6 Re7 42. Nd4 Ne5 43. Ra7+ Kd8 44. Ra8+ Kd7 45. Nf5 Rf7 46. d4 Nc4
47. Ra4 Nd2 48. Ra7+ Ke6 49. d5+ cxd5 50. exd5+ Kf6 51. Rxf7+ Kxf7 52. c6 Nc4
53. c7 Nb6 54. Nd6+ Ke7 55. c8=Q Nxc8 56. Nxc8+ Kd7 57. Nb6+ Kc7 58. Na4 Kd6
59. c4 g4 60. Nc3 h4 61. Ne2 Ke5 62. Kf2 Kd6 63. Nd4 Ke5 64. Nf3+ gxf3 65. Kxf3
Kd6 66. Kg4 h3 67. gxh3 Kc5 68. h4 Kd6 69. h5 Ke5 70. h6 Kd6 71. h7 Kc5 72.
h8=Q Kd6 73. Qf6+ Kc5 74. Qc6+ Kd4 75. d6 Ke3 76. d7 Kf2 77. d8=Q Ke3 78. Qe6+
Kf2 79. Qd2+ Kg1 80. Qee1# 1-0

[Event "NAYCC U10"]
[Site "Windsor CAN"]
[Date "2016.08.11"]
[Round "8.132"]
[White "Kang, Dorian"]
[Black "Issani, Nameer"]
[Result "1/2-1/2"]
[WhiteElo "1528"]
[BlackElo "1972"]
[PlyCount "59"]
[EventDate "2016.08.07"]
[EventType "swiss"]
[EventRounds "9"]
[EventCountry "CAN"]

1. c4 Nf6 2. Nc3 e6 3. e4 d6 4. g3 e5 5. Bg2 Nc6 6. Nge2 Be6 7. d3 Qd7 8. O-O
h5 9. Bg5 Nh7 10. Be3 g5 11. f4 gxf4 12. gxf4 Bh3 13. f5 Rg8 14. Rf2 Be7 15.
Kh1 Bxg2+ 16. Rxg2 Rxg2 17. Kxg2 O-O-O 18. Qd2 Nf6 19. h3 h4 20. Kh2 Rg8 21.
Rg1 Qd8 22. Qe1 Nh5 23. Rxg8 Qxg8 24. Qg1 Qxg1+ 25. Bxg1 Bg5 26. a3 a5 27. Bf2
Ne7 28. Kg2 c6 29. Kf3 Nf6 30. b3 1/2-1/2

[Event "NAYCC U10"]
[Site "Windsor CAN"]
[Date "2016.08.11"]
[Round "8.133"]
[White "Prem, Pranav"]
[Black "Tang, Andrew"]
[Result "1/2-1/2"]
[WhiteElo "1725"]
[BlackElo "1539"]
[PlyCount "69"]
[EventDate "2016.08.07"]
[EventType "swiss"]
[EventRounds "9"]
[EventCountry "CAN"]

1. d4 Nf6 2. c4 g6 3. Nc3 Bg7 4. Nf3 O-O 5. Bf4 d6 6. e3 Nbd7 7. Be2 b6 8. O-O
Bb7 9. Qc2 Re8 10. Rad1 Nh5 11. Bg5 h6 12. Bh4 g5 13. Bg3 Nxg3 14. hxg3 e5 15.
dxe5 Nxe5 16. Nd5 Nd7 17. Nd4 Nf6 18. Nf5 Nxd5 19. cxd5 Rc8 20. Bg4 Rb8 21. Rd2
Re5 22. e4 Bc8 23. Rc1 Bxf5 24. Bxf5 Re7 25. Qc6 a5 26. Rdc2 b5 27. Qa6 a4 28.
Qa5 Bd4 29. Qd2 Bc5 30. Kh2 Re8 31. Qe2 Qf6 32. Bd7 Re7 33. Bxb5 Qxf2 34. Qxf2
Bxf2 35. Bd3 1/2-1/2

[Event "NAYCC U10"]
[Site "Windsor CAN"]
[Date "2016.08.11"]
[Round "8.135"]
[White "Rusonik, Max"]
[Black "Vu, Leonard"]
[Result "1-0"]
[WhiteElo "1804"]
[BlackElo "1862"]
[PlyCount "43"]
[EventDate "2016.08.07"]
[EventType "swiss"]
[EventRounds "9"]
[EventCountry "CAN"]

1. e4 c5 2. Nf3 d6 3. d4 cxd4 4. Nxd4 Nf6 5. Nc3 g6 6. f4 Bg7 7. e5 dxe5 8.
fxe5 Ng4 9. Bb5+ Kf8 10. Ne6+ fxe6 11. Qxd8+ Kf7 12. O-O+ Nf6 13. Qc7 Na6 14.
Bxa6 bxa6 15. exf6 Bxf6 16. Ne4 Kg7 17. Nxf6 Kf7 18. Nd5+ Kg8 19. Rf8+ Kxf8 20.
Bh6+ Kg8 21. Qd8+ Kf7 22. Rf1# 1-0

[Event "NAYCC U10"]
[Site "Windsor CAN"]
[Date "2016.08.11"]
[Round "8.136"]
[White "Chen, Max"]
[Black "Mundayat, Abinav"]
[Result "1-0"]
[WhiteElo "1536"]
[BlackElo "1577"]
[PlyCount "57"]
[EventDate "2016.08.07"]
[EventType "swiss"]
[EventRounds "9"]
[EventCountry "CAN"]

1. e4 c5 2. Nf3 e6 3. c3 Nf6 4. Bd3 d6 5. Bc2 c4 6. O-O Nbd7 7. Re1 Qc7 8. Qe2
a6 9. a4 Rb8 10. Na3 b5 11. axb5 axb5 12. Nd4 Qa5 13. Nc6 Qb6 14. Nxb8 Qxb8 15.
d3 cxd3 16. Bxd3 b4 17. cxb4 Qxb4 18. Bd2 Qxb2 19. Reb1 Qxa1 20. Rxa1 Be7 21.
Nc4 O-O 22. Bb4 Ne8 23. e5 Nc5 24. exd6 Nxd3 25. dxe7 Nxb4 26. Qf3 Nd5 27.
exf8=Q+ Kxf8 28. Ne5 Nef6 29. Ra8 1-0

[Event "NAYCC U10"]
[Site "Windsor CAN"]
[Date "2016.08.11"]
[Round "8.137"]
[White "Zhang, Henry Z"]
[Black "Zong, Davis"]
[Result "0-1"]
[WhiteElo "1315"]
[BlackElo "1675"]
[PlyCount "66"]
[EventDate "2016.08.07"]
[EventType "swiss"]
[EventRounds "9"]
[EventCountry "CAN"]

1. e4 e5 2. Nf3 Nc6 3. Bb5 a6 4. Ba4 Nf6 5. O-O b5 6. Bb3 Be7 7. Re1 d6 8. h3
O-O 9. c3 Na5 10. Bc2 c5 11. d4 Qc7 12. Nbd2 Bd7 13. Nf1 Rac8 14. Ne3 Rfe8 15.
d5 c4 16. Nh2 Nb7 17. Nhg4 Nxg4 18. Nxg4 Nc5 19. Re3 Rf8 20. Rg3 Kh8 21. f4
exf4 22. Bxf4 Nxe4 23. Bxe4 f5 24. Bxf5 Rxf5 25. Bh6 gxh6 26. Qd4+ Re5 27. Nxe5
dxe5 28. Qe3 Bc5 29. Kh1 Bxe3 30. Rxe3 Rf8 31. Re2 Qc5 32. Rxe5 Qd6 33. Rae1
Rf1+ 0-1